| 000 | 00604nam a2200205Ia 4500 | ||
|---|---|---|---|
| 003 | GCL | ||
| 005 | 20240530105330.0 | ||
| 008 | 140319s9999 xx 000 0 ara d | ||
| 040 |
_aGCL / _cGCL |
||
| 082 | 0 | 4 |
_a811.9 _bج د |
| 100 | 1 | _aجمال بخيت | |
| 245 | 1 | 0 |
_aديوان شباك النبى على باب الله / _cجمال بخيت |
| 260 |
_a[S.N] : _bمكتبة مدبولى ، _c1993 |
||
| 300 |
_a120 ص ؛ _c16 سم |
||
| 650 | 0 | 4 | _aالشعر العربى |
| 650 | 0 | 4 | _aالعصر الحديث |
| 650 | 0 | 4 | _aالادب |
| 650 | 0 | 4 | _aدواوين وقصائد |
| 942 |
_2ddc _cBK |
||
| 999 |
_c55014 _d55014 |
||